Československá standardizace Odborný časopis pro technickou normalizaci, jakost, zkušebnictví a metrologii

Gespeichert in:
Bibliographische Detailangaben
Format: Schriftenreihe
Sprache:Tschechisch
Veröffentlicht: Praha Úřad pro normalizaci a měření 1989
Tags: Tag hinzufügen
Keine Tags, Fügen Sie das erste Tag hinzu!

MARC

LEADER 00000nas2a2200000 4500
001 s039144
005 20250730114150.3
041 0 |a cze 
044 |a CZ 
245 1 0 |a Československá standardizace  |b Odborný časopis pro technickou normalizaci, jakost, zkušebnictví a metrologii 
264 1 |a Praha  |b Úřad pro normalizaci a měření  |c 1989 
300 |a 1 zv. 
773 0 |w eu_un_cat*s120608